000 00422nam a2200181Ia 4500
008 090123s9999 xx 000 0 und d
082 _b18846
100 _aMARGARET MITCHELL
245 _aGONE WITH THE WIND
250 _a0
260 _bPAN BOOK
300 _a1011
600 _aMARGARET MITCHELL
630 _aGONE WITH THE WIND
700 _aMARGARET MITCHELL
730 _aGONE WITH THE WIND
942 _cBOOK
999 _c56910
_d56910